Directorio y almanaque Bogotá 1886 (Registro nro. 50372)
[ vista simple ]
| 000 -ENCABEZADO | |
|---|---|
| Número de control [NR] | 00857nam a2200205Ia 4500 |
| 008 - DE LONGITUD FIJA DE DATOS DE ELEMENTOS - INFORMACIÓN GENERAL | |
| Elementos de longitud fija [NR] | 130821s2006 ck a gr spa |
| 020 ## - NUMERO INTERNACIONAL NORMALIZADO PARA LIBROS [R] | |
| Número Internacional Normalizado del libro [NR] | 958961986X |
| 040 ## - FUENTE DE CATALOGACION [NR] | |
| Agencia de catalogación original [NR] | Co-BoUCM |
| Idioma de catalogación [NR] | spa |
| 041 00 - CODIGO DE IDIOMA [R] | |
| Código de idioma para texto/pista de sonido o título separado [R] | Español |
| 100 ## - ASIENTO PRINCIPAL--NOMBRE PERSONAL [NR] | |
| Nombre personal [NR] | Borda, Ignacio |
| Fechas asociadas con el nombre [NR] | 1849- |
| ID Autoridad | 162912 |
| 245 00 - MENCION DE TITULO [NR] | |
| Título [NR] | Directorio y almanaque Bogotá 1886 |
| Mención de responsabilidad, etc. [NR] | Ignacio Borda, José María Lombana |
| 246 ## - FORMA VARIANTE DEL TITULO [R] | |
| Título propiamente dicho/forma breve del título [NR] | Directorio y almanaque : Bogotá 1886. |
| 260 ## - PUBLICACION, DISTRIBUCION, ETC. (PIE DE IMPRENTA) [R] | |
| Lugar de publicación, distribución, etc. [R] | Bogotá (Colombia) |
| Nombre del editor, distribuidor, etc. [R] | Alcaldía Mayor de Bogotá Fundación Gilberto Alzate Avendaño |
| Fecha de publicación, distribución, etc. [R] | 2006 |
| 300 ## - DESCRIPCION FISICA [R] | |
| Extensión [R] | 214 páginas |
| Otros detalles físicos [NR] | ilustraciones |
| 500 ## - NOTA GENERAL [R] | |
| Nota general [NR] | Copia facsimilar de la obra publicada en : Bogotá : Imprenta de Ignacio Borda, 1886. |
| 651 ## - ASIENTO SECUNDARIO DE MATERIA - NOMBRE GEOGRAFICO [R] | |
| Nombre geográfico [NR] | Bogotá (Colombia) |
| Subdivisión general [R] | Descripción. |
| 9 (RLIN) | 162913 |
| 651 ## - ASIENTO SECUNDARIO DE MATERIA - NOMBRE GEOGRAFICO [R] | |
| Nombre geográfico [NR] | Bogotá (Colombia) |
| Subdivisión general [R] | Guías |
| -- | 1886. |
| 9 (RLIN) | 162914 |
| 700 ## - ASIENTO SECUNDARIO - NOMBRE PERSONAL [R] | |
| Nombre personal [NR] | Lombana, José María. |
| 9 (RLIN) | 162915 |
| 942 ## - ELEMENTOS DE ENTRADA AGREGADOS (KOHA) | |
| Tipo de ítem principal el descrito en 300a | Libro |
| Tema principal | [No clasificado] |
| Edición | 1 |
| Sistema de clasificación | DEWEY |
| Clasificación | 918.614 |
| Fecha de último préstamo | Total préstamos | Signatura topográfica | Código de barras | Última vez visto | Ejemplar | Price effective from | Tipo de ítem | Perdido | Sistema de clasificación | Dañado | No prestable | Tipo de ítem específico | Suprimido | Ubicación habitual | Ubicación actual | Localización | Fecha de creación | Forma de adquisición | Costo |
|---|---|---|---|---|---|---|---|---|---|---|---|---|---|---|---|---|---|---|---|
| 05/10/2011 | 3 | 918.614 B727a | 100080459 | 09/12/2025 | Ej.1 | 03/02/2013 | Libro | DEWEY | Libro | Claustro | Claustro | 2do piso | 30/09/2006 | Donación | 26000.00 |